Georgian folk music from Turkey
Saved in:
| Main Author: | |
|---|---|
| Format: | Audio |
| Language: | Georgian |
| Published: |
[S.l.] :
Ethnosound,
p1972
|
| Series: | A Comprehenseive study of the world's music.
|
| Subjects: | |
| Tags: |
Add Tag
No Tags, Be the first to tag this record!
|
| LEADER | 01214njm a2200337K 4500 | ||
|---|---|---|---|
| 001 | 008317375-7 | ||
| 005 | 20091222180551.0 | ||
| 008 | 780508s1972 xx fmn geo | ||
| 010 | |a 72750479 | ||
| 028 | 0 | 0 | |a EST 802 |b Ethnosound |
| 035 | 0 | |a ocm03874917 | |
| 040 | |a DLC |c KSU |d HMU | ||
| 050 | |a M1722 | ||
| 100 | 1 | |a Gold, Peter, |e comp. | |
| 245 | 1 | 0 | |a Georgian folk music from Turkey |h [souni recording] |
| 260 | |a [S.l.] : |b Ethnosound, |c p1972 | ||
| 300 | |a 1 sound disc : |b analog, 33 1/3 rpm, stereo. ; |c 12 in. | ||
| 490 | 1 | |a A Comprehenseive study of the world's music | |
| 500 | |a Durations listed in album. | ||
| 500 | |a "Electronically re-channelled to stereo." | ||
| 500 | |a Notes and texts of the songs with English translations (9 p. illus.) bound in album. | ||
| 505 | 0 | |a Music of the Laz -- Music of the Georgians -- Music from the town of Artvin. | |
| 511 | 0 | |a Various performers. | |
| 518 | |a Recorded in 1968 by Peter Gold. | ||
| 650 | 0 | |a Georgians (South Caucasians) |z Turkey |v Music. | |
| 650 | 0 | |a Folk songs, Georgian |z Turkey. | |
| 650 | 0 | |a Folk music |z Turkey. | |
| 650 | 0 | |a Music |z Turkey. | |
| 830 | 2 | |a A Comprehenseive study of the world's music. | |
| 988 | |a 20020608 | ||
| 906 | |0 DLC | ||


